Statystyki dla Najbardziej wartościowi piłkarze na świecie

Kliknij tutaj aby rozwiązać quiz!

Ogólne statystyki

  • Ten quiz został rozwiązany 228 razy
  • Średni wynik to 26 z 100

Statystyki odpowiedzi

podpowiedźodpowiedź% Poprawnych
180 mln euroMbappe
94%
180 mln euroHaaland
92%
150 mln euroBellingham
82%
100 mln euroRodrygo
69%
110 mln euroFoden
67%
110 mln euroKane
63%
100 mln euroPedri
63%
90 mln euroGavi
60%
110 mln euroMusiala
58%
120 mln euroSaka
58%
50 mln euroYamal
51%
65 mln euroSalah
47%
150 mln euroVini Jr
46%
50 mln euroNeymar
45%
100 mln euroValverde
45%
70 mln euroDe Bruyne
43%
90 mln euroCamavinga
42%
100 mln euroRodri
42%
90 mln euroDe jong
41%
70 mln euroAraujo
39%
85 mln euroWirtz
39%
80 mln euroDias
36%
100 mln euro | 50 mln euroMartinez
36%
90 mln euroLeao
35%
80 mln euroSilva
35%
75 mln euroKimmich
34%
60 mln euroDembele
33%
75 mln euroGrealish
32%
65 mln euroNunez
30%
90 mln euroOdegaard
30%
75 mln euroSane
29%
55 mln euroGnabry
27%
80 mln euroMartinelli
27%
70 mln euroMilitao
27%
75 mln euroRashford
27%
100 mln euroRice
27%
70 mln euroDavies
26%
75 mln euroDiaz
26%
75 mln euroFernandes
26%
80 mln euroGvardiol
26%
60 mln euroKounde
26%
120 mln euroOsimhen
26%
90 mln euroTchouameni
26%
80 mln euroAlvarez
25%
70 mln euroDe ligt
23%
50 mln euroFelix
23%
60 mln euroHavertz
22%
50 mln euroAntony
20%
65 mln euroMac Allister
20%
70 mln euroSaliba
20%
60 mln euroDoku
19%
60 mln euroHernandez
19%
75 mln euroJesus
19%
60 mln euroRaphinha
19%
70 mln euroSzoboszlai
19%
65 mln euroAlexander Arnold
18%
55 mln euroGakpo
18%
80 mln euroKolo Muani
18%
50 mln euroBalde
17%
75 mln euroBarella
17%
90 mln euroCaicedo
17%
65 mln euroComan
17%
80 mln euroFernandez
17%
65 mln euroHakimi
17%
80 mln euroNkunku
17%
70 mln euroVlahović
17%
65 mln euroHojlund
15%
60 mln euroBastoni
14%
85 mln euroKvaratskhelia
14%
50 mln euroRamos
14%
70 mln euroIsak
13%
65 mln euroMarquinhos
12%
70 mln euroSimons
12%
55 mln euroWatkins
12%
60 mln euroKim min jae
11%
70 mln euroMaddison
11%
60 mln euroDavid
10%
85 mln euroGuimaraes
9%
65 mln euroMendes
9%
50 mln euroTel
9%
55 mln euroDiaby
8%
55 mln euroJames
8%
60 mln euroMount
8%
65 mln euroPaqueta
7%
60 mln euroRomero
7%
60 mln euroTonali
7%
55 mln euroWhite
6%
50 mln euroKulusevski
5%
50 mln euroOlmo
5%
65 mln euroFerguson
4%
55 mln euroLuiz
4%
55 mln euroMagalhaes
4%
50 mln euroMitoma
4%
60 mln euroNunes
4%
50 mln euroLavia
2%
50 mln euroOlise
2%
55 mln euroPalhinha
2%
55 mln euroUgarte
2%
60 mln euroUpamencano
0%

Rozkład punktacji

Percentyl według liczby udzielonych odpowiedzi

Procent ludzi z każdym wynikiem

Twoja historia wyników

Nie rozwiązałeś tego quizu